University of Maryland Bars Quiz Stats

Quiz not verified by Sporcle

Challenge
Share
Tweet
Embed
Score 0/7 Timer 02:00
0 Plays Today
Bar names % Correct
Bar NameCornerstone
93.6%
Bar NameBentleys
88.1%
Bar NameThirsty Turtle
87%
Bar NameSanta Fe
79.2%
Bar NameMark
53.1%
Bar NameTown Hall
34.2%
Bar NameVarsity Grill
22.6%

You're not logged in!

Compare scores with friends on all Sporcle quizzes.
Join for Free
OR
Log In

You Might Also Like...

Show Comments

Extras

Top Quizzes Today


Score Distribution

Your Account Isn't Verified!

In order to create a playlist on Sporcle, you need to verify the email address you used during registration. Go to your Sporcle Settings to finish the process.

Report this User

Report this user for behavior that violates our Community Guidelines.

Details: